LEADER 01947cam a2200349 a 4500
001 c000291342
003 CARM
005 20090501095931.0
008 920127m19929999nyu b 000 0 eng
019 1 |a 8874947  |5 LACONCORD2021 
020 |a 1559372044 (pbk) 
035 |a (OCoLC)25773889  |5 LACONCORD2021 
040 |a LC  |b eng  |c LC  |d WMDU 
043 |a n-us--- 
050 0 0 |a TK5105.7  |b .I32 1992 
082 0 0 |a 004.6/2  |2 20 
110 2 |a IEEE Computer Society.  |b Technical Committee on Computer Communications. 
245 1 0 |a Information technology :  |b local and metropolitan area networks /  |c sponsor, Technical Committee on Computer Communications of the IEEE Computer Society. 
260 |a New York, N.Y. :  |b Institute of Electrical and Electronics Engineers,  |c c1992-. 
300 |a v. :  |b ill. ;  |c 30 cm. 
500 |a "Adopted as an international standard by the International Organization for Standardization and by the International Electrotechnical Commission." 
500 |a "Contains ANSI/IEEE std 802.3-1988, ANSI/IEEE std 802.3c-1985, ANSI/IEEE std 802-3d-1987, ANSI/IEEE std 802.3b-1985, and ANSI/IEEE std 802.3e-1987. 
500 |a "International standard ISO/IEC 8802-3: 1992, ANSI/IEEE standard 802.3, 1992." 
504 |a Includes bibliographical references. 
505 1 |a Pt. 3. Carrier sense multiple access with collision detection (CSMA/CD) access method and physical layer specifications. 
650 0 |a Local area networks (Computer networks)  |x Standards  |z United States. 
650 0 |a Metropolitan area networks (Computer networks)  |x Standards  |z United States. 
710 2 |a International Organization for Standardization. 
710 2 |a International Electrotechnical Commission. 
852 8 |b CARM  |h A3:AE21C0  |i F06303  |p 0516358  |f BK 
999 f f |i 72aaa1c3-4c16-5ddb-963f-a45eefd90e02  |s 9f9f069c-2754-5a2b-b72e-5353e8f88c8a 
952 f f |p Can circulate  |a CAVAL  |b CAVAL  |c CAVAL  |d CARM 1 Store  |e F06303  |f A3:AE21C0  |h Other scheme  |i book  |j pt.5  |m 0516358